000
00287nam a2200121Ia 4500
008
190216s9999||||xx |||||||||||||| ||und||
100
_a
Himashu Sreevasthava
245
0
_a
Hindi-Yek Raj Yeh Bi
260
_b
"Kala Prakashan , Varanasi"
300
_a
200
650
_a
Hindi
942
_c
BK
999
_c
16287
_d
16287